[Event "AUTO-ELITE-1377"]
[Site "http://www.queenalice.com/game.php?id=1303103"]
[Date "2014.8.21"]
[Round "1"]
[White "emilio2100"]
[Black "WeirdGoblin"]
[Result "1-0"]
[WhiteElo "2249"]
[BlackElo "2182"]

1. d4 Nf6 2. Nf3 e6 3. c4 b6 4. g3 Ba6 5. Nbd2 d5 6. Bg2 c6 7. O-O Bd6 8. cxd5
exd5 9. Re1 O-O 10. e4 dxe4 11. Nxe4 Nxe4 12. Rxe4 Nd7 13. Qc2 Bb7 14. Bg5 Qc7
15. Be7 Rfe8 16. Bxd6 Qxd6 17. Rae1 Rxe4 18. Qxe4 Nf6 19. Qe7 Qd7 20. Qxd7 Nxd7
21. Re7 Rd8 22. Ng5 Ba8 23. Nxf7 Kf8 24. Nxd8 Kxe7 25. Nxc6+ Kd6 26. Nxa7 Bxg2
27. Kxg2 Kd5 28. Nb5 Kc4 29. Nd6+ Kd5 30. Nb5 Kc4 31. Nd6+ Kd5 32. Ne8 g6 33. g4
Kxd4 34. g5 Ke5 35. Kf3 Nc5 36. Nf6 h5 37. Ke3 Na4 38. b3 Nc3 39. a4 Nd1+ 40.
Ke2 Nc3+ 41. Kd2 Na2 42. Nd7+ Kf5 43. Nxb6 Kxg5 44. Nd5 1-0

[Event "AUTO-ELITE-1377"]
[Site "http://www.queenalice.com/game.php?id=1303108"]
[Date "2014.8.21"]
[Round "1"]
[White "lobatov"]
[Black "emilio2100"]
[Result "0-1"]
[WhiteElo "2175"]
[BlackElo "2244"]

1. e4 e5 2. Nf3 Nc6 3. Bb5 a6 4. Ba4 b5 5. Bb3 Bc5 6. c3 d6 7. h3 Nf6 8. O-O O-O
9. d4 exd4 10. cxd4 Bb6 11. Bg5 h6 12. Bh4 g5 13. Bg3 g4 14. hxg4 Bxg4 15. Qc1
Bxf3 16. gxf3 Nxd4 17. Qxh6 Nh7 18. Qg6+ Kh8 19. Bxf7 Qd7 20. Bb3 Qh3 0-1

[Event "AUTO-ELITE-1377"]
[Site "http://www.queenalice.com/game.php?id=1303109"]
[Date "2014.8.21"]
[Round "1"]
[White "emilio2100"]
[Black "lobatov"]
[Result "1-0"]
[WhiteElo "2242"]
[BlackElo "2068"]

1. d4 Nf6 2. c4 g6 3. Nc3 d5 4. cxd5 Nxd5 5. e4 Nxc3 6. bxc3 Bg7 7. Bc4 O-O 8.
Ne2 c5 9. O-O Nc6 10. Be3 Bg4 11. e5 cxd4 12. cxd4 Bxe2 13. Bxe2 e6 14. Qd2 Qd7
15. Rac1 Rfd8 16. Rfd1 a6 17. Rc2 Rdc8 18. Bg4 Ne7 19. Rdc1 Nd5 20. Bg5 Rxc2 21.
Qxc2 h6 22. Be3 Nb6 23. Qc7 Qxc7 24. Rxc7 Rb8 25. Bf3 Nd5 26. Bxd5 exd5 27. f3
Bf8 28. g4 b5 29. Kf2 a5 30. f4 a4 31. f5 b4 32. fxg6 fxg6 33. Bc1 b3 34. axb3
axb3 35. Bb2 Ra8 36. Rb7 1-0

[Event "AUTO-ELITE-1416"]
[Site "http://www.queenalice.com/game.php?id=1323216"]
[Date "2014.11.20"]
[Round "1"]
[White "toninhojit"]
[Black "emilio2100"]
[Result "0-1"]
[WhiteElo "2418"]
[BlackElo "2232"]

1. d4 d5 2. c4 e6 3. Nc3 Nf6 4. cxd5 exd5 5. Bg5 Be7 6. Qc2 O-O 7. e3 Re8 8. Bd3
Nbd7 9. Nge2 Nf8 10. O-O c6 11. a3 a5 12. Rab1 Bd6 13. f3 h6 14. Bxf6 Qxf6 15.
e4 Qh4 16. e5 Be7 17. g3 Qh5 18. Nf4 Qg5 19. Ng2 Bd8 20. f4 Qh5 21. Na4 Bh3 22.
Nc5 Rb8 23. f5 Qg5 24. Rf2 Bb6 25. b4 axb4 26. axb4 Ra8 27. Nf4 Bg4 28. h4 Qe7
29. Ng2 Bh3 30. Ne3 h5 31. Kh2 Bg4 32. Nxg4 hxg4 33. Qe2 Qc7 34. Qxg4 Bxc5 35.
bxc5 Qc8 36. e6 f6 37. Qh5 Re7 38. g4 Qc7+ 39. Kg2 Ra3 40. Rf3 Ra2+ 41. Rf2
Rxf2+ 42. Kxf2 Qf4+ 43. Ke2 g6 44. fxg6 Rxe6+ 45. Kd1 Qf2 0-1

[Event "AUTO-ELITE-1416"]
[Site "http://www.queenalice.com/game.php?id=1323217"]
[Date "2014.11.20"]
[Round "1"]
[White "emilio2100"]
[Black "toninhojit"]
[Result "0-1"]
[WhiteElo "2258"]
[BlackElo "2413"]

1. d4 Nf6 2. c4 g6 3. Nc3 Bg7 4. e4 O-O 5. Be2 d6 6. Nf3 e5 7. O-O Nc6 8. d5 Ne7
9. Nd2 Nd7 10. b4 f5 11. c5 dxc5 12. bxc5 Nxc5 13. Ba3 b6 14. Bxc5 bxc5 15. Nb3
Kh8 16. Nxc5 Qd6 17. Ne6 Bxe6 18. Nb5 Qb6 19. dxe6 Rad8 20. Qc2 c6 21. Na3 fxe4
22. Rab1 Qc7 23. Nc4 Rd4 24. Bg4 Nd5 25. Rb3 h5 26. Bh3 Nf4 27. Nd2 g5 28. f3
Qd8 29. Nxe4 g4 30. Rb7 Nxe6 31. Ng5 Qxg5 0-1

[Event "AUTO-ELITE-1416"]
[Site "http://www.queenalice.com/game.php?id=1323224"]
[Date "2014.11.20"]
[Round "1"]
[White "emilio2100"]
[Black "BEBADO"]
[Result "1/2-1/2"]
[WhiteElo "2259"]
[BlackElo "2215"]

1. e4 c5 2. Nf3 d6 3. d4 cxd4 4. Nxd4 Nf6 5. Nc3 e6 6. Be2 a6 7. O-O Qc7 8. f4
Nbd7 9. Bf3 Be7 10. Kh1 O-O 11. g4 Ne8 12. f5 Ne5 13. fxe6 Bxe6 14. Nxe6 fxe6
15. Be2 Rxf1+ 16. Qxf1 Qc6 17. Bf4 Ng6 18. Bd2 Nf6 19. Qf3 Ne5 20. Qg2 Rc8 21.
g5 Nfd7 22. Qh3 Nf8 1/2-1/2

[Event "AUTO-ELITE-1416"]
[Site "http://www.queenalice.com/game.php?id=1323225"]
[Date "2014.11.20"]
[Round "1"]
[White "BEBADO"]
[Black "emilio2100"]
[Result "1-0"]
[WhiteElo "2205"]
[BlackElo "2256"]

1. d4 d5 2. c4 e6 3. Nc3 Nf6 4. Nf3 Be7 5. e3 O-O 6. Qc2 b6 7. cxd5 exd5 8. Bd3
c5 9. O-O Nc6 10. a3 Re8 11. dxc5 bxc5 12. Bb5 Qd6 13. Qa4 Bd7 14. Rd1 a6 15.
Bxc6 Bxc6 16. Qf4 Qxf4 17. exf4 Bd6 18. b4 cxb4 19. axb4 Bxb4 20. Bd2 1-0

[Event "AUTO-ELITE-1377"]
[Site "http://www.queenalice.com/game.php?id=1339652"]
[Date "2015.2.5"]
[Round "2"]
[White "emilio2100"]
[Black "Donidon"]
[Result "0-1"]
[WhiteElo "2251"]
[BlackElo "2370"]

1. d4 Nf6 2. c4 c5 3. d5 b5 4. cxb5 a6 5. Nc3 axb5 6. e4 b4 7. Nb5 d6 8. Bf4
Nxe4 9. Qe2 g5 10. Qxe4 gxf4 11. Qxf4 Bg7 12. Qd2 Ra4 13. Bc4 Ba6 14. O-O-O Qa5
15. Nxd6+ exd6 16. Qe3+ Kd7 17. Qf4 Bxb2+ 18. Kxb2 Bxc4 19. Qg4+ Kc7 20. Qxc4
Nd7 21. Nf3 Nb6 22. Qb3 Ra3 0-1

[Event "AUTO-ELITE-1377"]
[Site "http://www.queenalice.com/game.php?id=1339653"]
[Date "2015.2.5"]
[Round "2"]
[White "Donidon"]
[Black "emilio2100"]
[Result "1-0"]
[WhiteElo "2453"]
[BlackElo "2238"]

1. e4 e5 2. f4 exf4 3. Nf3 g5 4. d4 g4 5. Ne5 Qh4+ 6. g3 fxg3 7. Qxg4 Qxg4 8.
Nxg4 d5 9. Ne3 dxe4 10. hxg3 Bd6 11. Kf2 Nf6 12. Nc3 Rg8 13. Ne2 Nc6 14. Bg2 Rg6
15. c3 Ne7 16. Bd2 Ng4+ 17. Nxg4 Rxg4 18. Rxh7 f5 19. Rh8+ Ng8 20. Rah1 Be6 21.
Nf4 Bxf4 22. Bxf4 O-O-O 23. R1h7 Rd7 24. Bh3 Rgg7 25. Rh6 e3+ 26. Bxe3 Rde7 27.
Rxe6 1-0

[Event "AUTO-ELITE-1377"]
[Site "http://www.queenalice.com/game.php?id=1339654"]
[Date "2015.2.5"]
[Round "2"]
[White "emilio2100"]
[Black "hjs"]
[Result "0-1"]
[WhiteElo "2267"]
[BlackElo "2476"]

1. d4 Nf6 2. c4 g6 3. Nc3 d5 4. cxd5 Nxd5 5. e4 Nxc3 6. bxc3 Bg7 7. Nf3 c5 8.
Rb1 O-O 9. Be2 b6 10. O-O Qc7 11. Bg5 Nc6 12. dxc5 Ne5 13. cxb6 axb6 14. Qb3
Nxf3+ 15. Bxf3 Ra5 16. Bd2 Ba6 17. Rfd1 Be5 18. Qxb6 Bxh2+ 19. Kh1 Qxb6 20. Rxb6
Bd6 21. Rb2 Bc4 22. Bh6 Rc8 23. Rdd2 Be6 24. Rdc2 g5 25. Be2 f6 26. Kg1 Re5 27.
f3 Rec5 28. Ba6 Ra8 29. Bb7 Ra3 30. c4 Rxc4 31. Rxc4 Bxc4 32. Bc8 Rc3 33. Kf2
Kf7 34. Bg4 Rc1 35. Bh5+ Kg8 36. g4 Rh1 37. Rb7 Bf1 38. Ke3 Rh2 0-1

[Event "AUTO-ELITE-1377"]
[Site "http://www.queenalice.com/game.php?id=1339655"]
[Date "2015.2.5"]
[Round "2"]
[White "hjs"]
[Black "emilio2100"]
[Result "1-0"]
[WhiteElo "2472"]
[BlackElo "2243"]

1. d4 d5 2. c4 e6 3. Nc3 Nf6 4. Bg5 Be7 5. e3 O-O 6. Nf3 Nbd7 7. Rc1 c6 8. Bd3
h6 9. Bh4 dxc4 10. Bxc4 b5 11. Bd3 a6 12. Bxf6 Nxf6 13. O-O Bb7 14. Ne4 Qd5 15.
Nxf6+ Bxf6 16. Bb1 Rfd8 17. Qd3 g6 18. Qe2 Be7 19. e4 Qh5 20. h3 1-0

[Event "AUTO-MASTER-2310"]
[Site "http://www.queenalice.com/game.php?id=1364604"]
[Date "2015.6.10"]
[Round "1"]
[White "emilio2100"]
[Black "armbar"]
[Result "1-0"]
[WhiteElo "2262"]
[BlackElo "2013"]

1. d4 Nf6 2. c4 e6 3. Nc3 Bb4 4. e3 b6 5. Ne2 c5 6. a3 Ba5 7. Rb1 Qe7 8. Bd2 Ba6
9. b4 cxb4 10. axb4 Bxb4 11. Rxb4 Qxb4 12. Nb5 Qe7 13. Nc7+ Kd8 14. Nxa8 Bb7 15.
Qa4 Nc6 16. Nxb6 axb6 17. Nc3 Qb4 18. Qxb4 Nxb4 19. Na4 Na6 20. Nxb6 Nc7 21. f3
Bc6 22. Bd3 d5 23. O-O dxc4 24. Nxc4 Rg8 25. Ne5 Be8 26. Ba5 Nd5 27. e4 Nf4 28.
Rc1 1-0

[Event "AUTO-MASTER-2310"]
[Site "http://www.queenalice.com/game.php?id=1364605"]
[Date "2015.6.10"]
[Round "1"]
[White "armbar"]
[Black "emilio2100"]
[Result "0-1"]
[WhiteElo "2044"]
[BlackElo "2250"]

1. e4 e5 2. f4 exf4 3. Nf3 g5 4. Bc4 g4 5. O-O gxf3 6. Qxf3 Qf6 7. e5 Qxe5 8.
Bxf7+ Kxf7 9. d4 Qf5 10. Bxf4 Nf6 11. Qe2 Qe6 12. Be5 Bg7 13. Nc3 Rf8 14. Qd3
Kg8 15. Rae1 d6 16. Bg3 Qf7 17. Ne4 Qxa2 18. Rxf6 Bxf6 19. Nxf6+ Rxf6 20. Bh4
Bf5 21. Qe3 Rf7 22. Qg5+ Bg6 23. Qd8+ Kg7 0-1

[Event "AUTO-MASTER-2310"]
[Site "http://www.queenalice.com/game.php?id=1364606"]
[Date "2015.6.10"]
[Round "1"]
[White "emilio2100"]
[Black "Donyelko"]
[Result "1-0"]
[WhiteElo "2261"]
[BlackElo "2066"]

1. d4 e6 2. c4 Be7 3. Nc3 d5 4. Nf3 Nf6 5. Bg5 h6 6. Bh4 g5 7. Bg3 Nh5 8. e3
Nxg3 9. hxg3 Bf6 10. cxd5 exd5 11. Qa4+ c6 12. O-O-O Bd7 13. e4 dxe4 14. Nxe4
Be7 15. Re1 Kf8 16. Qb3 b5 17. Kb1 Be6 18. Qe3 a5 19. Nexg5 Bf5+ 20. Ka1 Bf6 21.
Ne4 Bxe4 22. Qxe4 a4 23. Bxb5 Ra5 24. Bc4 a3 25. b3 c5 26. Qb7 Bxd4+ 27. Kb1 Nd7
28. Qd5 Qf6 29. Qxd7 Qg6+ 30. Kc1 Bb2+ 31. Kd2 Kg7 32. Bxf7 Bc3+ 33. Kxc3 Qf6+
34. Ne5 Rd8 35. Qg4+ 1-0

[Event "AUTO-MASTER-2310"]
[Site "http://www.queenalice.com/game.php?id=1364607"]
[Date "2015.6.10"]
[Round "1"]
[White "Donyelko"]
[Black "emilio2100"]
[Result "0-1"]
[WhiteElo "2058"]
[BlackElo "2267"]

1. d4 d5 2. c4 e6 3. Nf3 Nf6 4. e3 Be7 5. Bd3 dxc4 6. Bxc4 O-O 7. O-O c5 8. Nc3
a6 9. a4 Nc6 10. d5 exd5 11. Nxd5 Be6 12. Nxe7+ Qxe7 13. Bxe6 fxe6 14. b3 Rad8
15. Qe2 Qd6 16. Ba3 Ne4 17. Qc4 Qd5 18. Rfc1 Na5 19. Qxd5 Rxd5 20. Rab1 b5 21.
axb5 axb5 22. Bxc5 Nxc5 23. Rxc5 Rxc5 24. b4 Rc2 25. bxa5 Ra2 26. h3 Rxa5 27.
Nd4 Ra2 28. f3 e5 29. Nc6 e4 30. f4 g5 31. g3 gxf4 32. gxf4 Re2 33. Rb3 Ra8 34.
Rb1 Rxe3 35. Rxb5 Ra1+ 36. Kf2 Rf3+ 37. Ke2 Ra2+ 38. Ke1 Rxh3 39. Rg5+ Kh8 40.
Rg1 Rhh2 0-1

[Event "AUTO-MASTER-2310"]
[Site "http://www.queenalice.com/game.php?id=1364608"]
[Date "2015.6.10"]
[Round "1"]
[White "emilio2100"]
[Black "teddy"]
[Result "1-0"]
[WhiteElo "2259"]
[BlackElo "1952"]

1. d4 d5 2. c4 e6 3. Nc3 Nf6 4. Bg5 Bb4 5. e3 c6 6. Qc2 h6 7. Bh4 g5 8. Bg3 Ne4
9. Be5 f6 10. Bxb8 Rxb8 11. Bd3 f5 12. Bxe4 dxe4 13. Ne2 h5 14. O-O h4 15. d5 e5
16. a3 Ba5 17. b4 Bc7 18. dxc6 bxc6 19. Qa4 Qf6 20. Nd5 Qe6 21. Nxc7+ 1-0

[Event "AUTO-MASTER-2310"]
[Site "http://www.queenalice.com/game.php?id=1364609"]
[Date "2015.6.10"]
[Round "1"]
[White "teddy"]
[Black "emilio2100"]
[Result "0-1"]
[WhiteElo "1956"]
[BlackElo "2256"]

1. d4 d5 2. c4 e6 3. Nc3 Nf6 4. e3 Bb4 5. Bd2 O-O 6. Nf3 c5 7. a3 Bxc3 8. bxc3
Ne4 9. Bd3 f5 10. Bxe4 fxe4 11. Ne5 Nd7 12. Nxd7 Bxd7 13. cxd5 Qg5 14. g3 Qf5
15. O-O Bb5 16. Re1 Qxf2+ 17. Kh1 exd5 18. Rc1 Rf6 19. Rg1 Be2 0-1